| 000 | 03086cam a22005054i 4500 | ||
|---|---|---|---|
| 003 | PE-LiUPU | ||
| 005 | 20250731172833.0 | ||
| 008 | 150826s2014 miu rb 001 0 eng d | ||
| 020 | _a9780310516132 | ||
| 035 | _a(Sirsi) i9780310516132 | ||
| 040 |
_aPE-LiUPU _bspa _dPE-LiUPU _erda |
||
| 049 | _aPRUA | ||
| 082 | 0 | 4 |
_a253.5 _bK38 _223 |
| 100 | 1 |
_aKellemen, Robert W., _eautor. |
|
| 245 | 1 | 0 |
_aGospel-centered counseling : _bhow Christ changes lives / _cRobert W. Kellemen ; foreword by Deepak Reju. |
| 264 | 1 |
_aGrand Rapids, Michigan : _bZondervan, _c[2014]. |
|
| 300 |
_a312 páginas ; _c24 centímetros. |
||
| 336 |
_atext _2rdacontent |
||
| 337 |
_aunmediated _2rdamedia |
||
| 338 |
_avolume _2rdacarrier |
||
| 490 | 0 | _aEquipping biblical counselors | |
| 504 | _aBibliografía : páginas 303-308. | ||
| 504 | _aÍndice : páginas 309-312. | ||
| 505 | 0 | _aIntroduction : changing lives with Christ's changeless gospel truth -- Mining the richness of God's word : God's treasures of wisdom -- Discovering wisdom for life in a broken world : our treasure hunt for wisdom -- Knowing the creator of the soul : our great soul physician -- Recognizing the most important fact about us : our view of God -- Engaging the battle for our soul : our spiritual warfare in spiritual friendship -- Examining the spiritual anatomy of the soul : our view of people -- Journeying into the heart ; our role as soul physicians and biblical cardiologists -- Exploring serpentine seduction to sin : our spiritual adultery -- Diagnosing the fallen condition of the soul : our fallen heart -- Applying the gospel to suffering : our gospel-centered self-counsel -- Prescribing God's cure for the soul : Part 1 -- Our new nurture -- Prescribing God's cure for the soul : Part 2 -- Our new nature -- Finding a place to belong and become : our growth in grace is a community journey -- Remembering the future : our eternal perspective -- Dispensing grace : our gospel-centered growth in grace -- Putting off and putting on : God's heart change model of progressive sanctification -- Conclusion : living life empowered by Christ's changeless gospel truth. | |
| 526 | _aSEG42 | ||
| 526 | _aSEG41 | ||
| 526 | _aSEG40 | ||
| 526 | _aSEG39 | ||
| 526 | _aP94 | ||
| 526 | _aP87 | ||
| 526 | _aP86 | ||
| 526 | _aP85 | ||
| 526 | _aP77 | ||
| 526 | _aP76 | ||
| 526 | _aP35 | ||
| 630 | 0 | 0 |
_aBiblia _xPsicología. |
| 650 | 4 |
_aConsejería _xAspectos religiosos _xCristianismo. |
|
| 910 |
_aaas _bjck _caas _d20150826 |
||
| 942 |
_2ddc _cBOOK |
||
| 949 |
_aPGT 253.5 K38 _wDEWEY _c1 _i71766 _lCCODEBUL1 _mBUL _p19.00 _r0 _sY _tBOOK _u2015-8-26 _xTEOLOGIA _PP85 _0COMPRA _o.CIRCNOTE. No olvidar cambiar la fecha de devolución!!!!!!! _o.STAFF. Posgrado |
||
| 994 |
_aC0 _bPEPRU |
||
| 596 | _a1 | ||
| 999 |
_aPGT 253.5 K38 _wDEWEY _c6863 _i71766 _f2021-11-10 _g5 _lCCODEBUL1 _mBUL _p19.00 _r0 _sY _tBOOK _u2015-8-26 _xTEOLOGIA _PP85 _0COMPRA _o.CIRCNOTE. No olvidar cambiar la fecha de devolución!!!!!!! _o.STAFF. Posgrado _d6863 |
||
| 980 |
_81 _gALBERTO SANCHEZ Responsable de Automatización |
||